000 01862nam0a2200301 4500
001 RU\NLR\BIBL_A\011292567
005 20260406174256.0
035 _a(NLR Aleph) 011292567
090 _a10930394
_c10930394
100 _a20161214d2007 |||y0rusy50 ca
101 0 _arus
_aeng
102 _aRU
105 _aac||g|||010zy
200 1 _aРоссийский ордена Трудового Красного Знамени, ордена Дружбы народов Научно-исследовательский институт гематологии и трансфузиологии
_dRussian research institute of hematology and transfusiology awarded with Orders of Red Banner of Labor and Friendship of People
_e75 [лет
_eсправка
_fсост.: Н.И. Кочетыгов и др.
_gред.: Е.А. Селиванов]
_zeng
210 _aСанкт-Петербург
_c[б. и.]
_d2007
215 _a[1],44, [1] с.
_cил., цв. ил., портр.
_d30
300 _aТекст на рус. и англ. яз.
510 1 _aRussian research institute of hematology and transfusiology awarded with Orders of Red Banner of Labor and Friendship of People
_zeng
601 0 2 _aРоссийский НИИ гематологии и трансфузиологии
_cСанкт-Петербург, город
_xИстория
_92309719
_3RU\NLR\AUTH\6601608172
686 1 _aР.е(2)л21
702 1 _aКочетыгов
_bН.И.
_gНиколай Иванович
_4220
702 1 _aСеливанов
_bЕ. А.
_gЕвгений Алексеевич
_4340
712 0 2 _4570
_aРоссийский НИИ гематологии и трансфузиологии
_cСанкт-Петербург
_3RU\NLR\AUTH\889942248
_9379353
942 _cBOOK
980 _aNB